Journal of the institution of engieers for interdisciplinary (Record no. 193982)

000 -LEADER
fixed length control field 00362nam a2200121Ia 4500
008 - FIXED-LENGTH DATA ELEMENTS--GENERAL INFORMATION
fixed length control field 220901s9999||||xx |||||||||||||| ||und||
082 ## - DEWEY DECIMAL CLASSIFICATION NUMBER
Classification number 620 POO
100 ## - MAIN ENTRY--PERSONAL NAME
Personal name Poothia, A.K
9 (RLIN) 13958
245 #0 - TITLE STATEMENT
Title Journal of the institution of engieers for interdisciplinary
250 ## - EDITION STATEMENT
Edition statement Vol. 89 & 90
260 ## - PUBLICATION, DISTRIBUTION, ETC.
Name of publisher, distributor, etc. The institution of engieers
Date of publication, distribution, etc. 2008 & 2009
650 ## - SUBJECT ADDED ENTRY--TOPICAL TERM
Topical term or geographic name entry element Mathematics
Holdings
Withdrawn status Lost status Damaged status Not for loan Home library Current library Shelving location Date acquired Full call number Barcode Date last seen Price effective from Koha item type
        Central Library Central Library Book Cart 09/01/2022 620 POO BV713 09/01/2022 09/01/2022 Bound Volumes

Powered by Koha